000 00404nam a2200169Ia 4500
001 7064
003 IN-NITTTR
005 20251114233024.0
008 251113s9999||||xx |||||||||||||| ||eng||
040 _beng
040 _cIN-NITTTR
041 _aeng
082 _a621.38933 S72F
100 _aSessions, Ken W.
245 0 _a4 channel stereo from source to sound. /
_cSessions, Ken W.
942 _2ddc
_cBK
999 _c9702
_d9702